Normal view
MARC view
Entry Nombre personal
001 - NÚMERO DE CONTROL
- campo de control: 128386
003 - IDENTIFICADOR DE NÚMERO DE CONTROL
- campo de control: OSt
005 - FECHA Y HORA DE LA ÚLTIMA TRANSACCIÓN
- campo de control: 20230222192901.0
008 - ELEMENTOS DE DATO DE LONGITUD-FIJA
- campo de control de longitud fija: 080222 b azznnaaan n bnc d
040 ## - FUENTE DE CATALOGACIÓN
- Centro catalogador/agencia de origen: OSt
- Centro/agencia transcriptor: OSt
100 0# - ENCABEZAMIENTO-NOMBRE DE PERSONA
- Nombre de persona: Juan de la Concepción
- Títulos y otros términos asociados al nombre: (O.A.R.)
400 0# - TRAZADO DE VÉASE--NOMBRE DE PERSONA
- Nombre de persona: Concepcion, Juan
- Títulos y otros términos asociados al nombre: ( O.A.R.)
